| 000 | 01184nam a2200301Ia 4500 | ||
|---|---|---|---|
| 001 | ebr10279344 | ||
| 003 | CaPaEBR | ||
| 006 | m u | ||
| 007 | cr cn||||||||| | ||
| 008 | 850821s1986 nyub sb 001 0 eng d | ||
| 010 | _z 85021409 | ||
| 020 | _z0195038142 (alk. paper) | ||
| 020 | _z9780195038149 | ||
| 040 |
_aCaPaEBR _cCaPaEBR |
||
| 035 | _a(OCoLC)64769434 | ||
| 050 | 1 | 4 |
_aDS559.46 _b.H35 1986eb |
| 100 | 1 | _aHallin, Daniel C. | |
| 245 | 1 | 5 |
_aThe "uncensored war" _h[electronic resource] : _bthe media and Vietnam / _cDaniel C. Hallin. |
| 260 |
_aNew York : _bOxford University Press, _c1986. |
||
| 300 |
_avii, 285 p. : _bmap. |
||
| 504 | _aIncludes bibliographical references and index. | ||
| 533 |
_aElectronic reproduction. _bPalo Alto, Calif. : _cebrary, _d2009. _nAvailable via World Wide Web. _nAccess may be limited to ebrary affiliated libraries. |
||
| 650 | 0 |
_aPress _zUnited States _xHistory. |
|
| 650 | 0 |
_aVietnam War, 1961-1975 _xPress coverage. |
|
| 655 | 7 |
_aElectronic books. _2local |
|
| 710 | 2 | _aebrary, Inc. | |
| 856 | 4 | 0 |
_uhttp://site.ebrary.com/lib/rucke/Doc?id=10279344 _zAn electronic book accessible through the World Wide Web; click to view |
| 999 |
_c3906 _d3906 |
||